000 00512nam a2200193Ia 4500
003 GCL
008 140319s9999 xx 000 0 ara d
040 _aGCL /
_cGCL
082 0 4 _a657
_bم م
100 1 _aمحمد احمد خليل
245 1 0 _aمقدمة فى علم المحاسبة /
_cمحمد احمد خليل
300 _a656 ص
490 _a
650 0 4 _aالقانون
650 0 4 _aالاقتصاد
650 0 4 _aادارة الاعمال
650 0 4 _aالمحاسبة
942 _2ddc
_cBK
999 _c40781
_d40781